000
00291nam a22001337a 4500
008
170608b xxu||||| |||| 00| 0 eng d
020
_a
0669076791
041
_a
eng
080
_2
3RD
_a
338
100
_a
18
101
_a
SHP
245
_a
AMERICAN GOVERNMENT
_c
WILSON,J,Q
942
_2
udc
_c
BK
999
_c
16509
_d
16509